00481 a2200193 4500260001000000630003900010650002600049100001700075440000700092260003700099245005100136300001000187650004500197260000900242300000900251100000700260440000800267037001200275 aparis a33 - Economie - economie politique a3 - SCIENCES SOCIALES aLaulan, Yves n41 bPresses Universitaires de France aLe Tierts Monde et la crise de l'environnement a143p. aTiers Monde : environnement : économie c1974 b18cm lFr aSUP aDE 5485